01394nam a2200337Ia 4500001001200000003000800012006001900020007001500039008004100054020001800095020001800113040002100131035002100152050002600173100001800199245022300217246006300440250001200503260004900515300001500564504004100579533015200620650002700772650001500799655002900814700002100843710003200864710001700896856012600913999001701039ebr10570478CaPaEBRm u cr cn|||||||||111102s2012 enk sb 000 0 eng d z9781907969508 z9781907969706 aCaPaEBRcCaPaEBR a(OCoLC)80205727414aLB1025.3b.B53 2012eb1 aBlake, Simon.10aAssessment, evaluation and sex & relationships educationh[electronic resource] :ba practical toolkit for education, health and community settings /cSimon Blake and Stella Muttock; revised by Sam Beal and Lisa Handy.3 aAssessment, evaluation and sex and relationships education a2nd ed. aLondon :bNational Children's Bureau,c2012. avi, 110 p. aIncludes bibliographical references. aElectronic reproduction.bPalo Alto, Calif. :cebrary,d2011.nAvailable via World Wide Web.nAccess may be limited to ebrary affiliated libraries. 0aTeachingxMethodology. 0aEducation. 7aElectronic books.2local1 aMuttock, Stella.2 aNational Children's Bureau.2 aebrary, Inc.40uhttp://site.ebrary.com/lib/rucke/Doc?id=10570478zAn electronic book accessible through the World Wide Web; click to view c81269d81269